=LDR 00000nam 2200000 4500 =001 INLIS000000000024253 =005 20130612122843 =008 ***********************************ind** =035 ##$$0010-061300000024253 =041 ##$$a ind =082 ##$$a 372.19 =090 ##$$a 372.19, SUW s =100 ##$$a Suwarjo, HP =245 ##$$a Satuan Pelajaran Sekolah Dasar Kelas IV Caturwulan 2, Soewardjo HP, B.A =260 ##$$a 1998 $b Semarang =300 ##$$a vi, 166 hlm., ilus., 30 cm =650 ##$$a Kurikulum Pendidikan =850 ##$$a NBPNMAT